LIBRARY & INFORMATION CENTRE, KCAET, TAVANUR

ONLINE PUBLIC ACCESS CATALOGUE (OPAC)

Dairy technology application (Record no. 17667)

MARC details
000 -LEADER
fixed length control field 00339nam a22001457a 4500
003 - CONTROL NUMBER IDENTIFIER
control field OSt
008 - FIXED-LENGTH DATA ELEMENTS--GENERAL INFORMATION
fixed length control field 230506b |||||||| |||| 00| 0 eng d
041 ## - LANGUAGE CODE
Language code of text/sound track or separate title eng
082 ## - DEWEY DECIMAL CLASSIFICATION NUMBER
Classification number 637.14
Item number NAV/DA
100 ## - MAIN ENTRY--AUTHOR NAME
Personal name Naveen k.singh
245 ## - TITLE STATEMENT
Title Dairy technology application
260 ## - PUBLICATION, DISTRIBUTION, ETC. (IMPRINT)
Place of publication New delhi
Name of publisher Bio green
Year of publication 2023
300 ## - PHYSICAL DESCRIPTION
Number of Pages 288
942 ## - ADDED ENTRY ELEMENTS (KOHA)
Koha item type Books
Holdings
Withdrawn status Lost status Damaged status Collection code Home library Current library Shelving location Date acquired Source of acquisition Cost, normal purchase price Full call number Accession Number Koha item type
      General Books KAUAET KAUAET General Stacks 23/03/2023 EEDEEYOU Manjeri 2950.00 637.14 NAV/DA 26203 Books
      General Books KAUAET KAUAET General Stacks 23/03/2023 EEDEEYOU Manjeri 2950.00 637.14 NAV/DA 26204 Books
free website counter